书目信息 |
| 题名: |
美国国家地理自然人文百科
|
|
| 作者: | ;王斌 , 谢建雯 译 ;美国国家地理学会 著 | |
| 分册: | ||
| 出版信息: | 北京 北京联合出版公司 2019.08 |
|
| 页数: | 470页 | |
| 开本: | 25cm | |
| 丛书名: | ||
| 单 册: | ||
| 中图分类: | P941-49 , K901-49 | |
| 科图分类: | ||
| 主题词: | 自然地理--zi ran di li--世界--普及读物 , 人文地理--ren wen di li--世界--普及读物 | |
| 电子资源: | ||
| ISBN: | 978-7-5596-3081-0 | |
| 000 | 01382nam0 2200325 450 | |
| 001 | 0109110149 | |
| 005 | 20201109110337.0 | |
| 010 | @a978-7-5596-3081-0@b精装@dCNY188.00 | |
| 100 | @a20191205e20202019em y0chiy50 ea | |
| 101 | 1 | @achi@ceng |
| 102 | @aCN@b110000 | |
| 105 | @aa z 001yy | |
| 106 | @ar | |
| 200 | 1 | @a美国国家地理自然人文百科@Amei guo guo jia di li zi ran ren wen bai ke@f美国国家地理学会著@g王斌,谢建雯译 |
| 210 | @a北京@c北京联合出版公司@d2019.08@h2020.04 | |
| 215 | @a470页@c彩图, 照片@d25cm | |
| 300 | @a未读探险家 | |
| 305 | @a据原书最新版译出 | |
| 312 | @a版权页英文题名:National geographic answer book | |
| 330 | @a本书由美国国家地理学会精心编撰,为读者梳理了有关自然世界和人类文明的权威知识和事实,包含10001条相关领域的关键知识,配有600多张精彩的科学插图、地图、照片和图表。全书以200多个对页生动地描述了这个世界。缤纷的大千世界在书中按知识领域被划分为九大章节,从自然界到人类文明的世界,从自然史到人类史不一而足。 | |
| 510 | 1 | @aNational geographic answer book@zeng |
| 606 | 0 | @a自然地理@Azi ran di li@y世界@j普及读物 |
| 606 | 0 | @a人文地理@Aren wen di li@y世界@j普及读物 |
| 690 | @aP941-49@v5 | |
| 690 | @aK901-49@v5 | |
| 702 | 0 | @a王斌@Awang bin@4译 |
| 702 | 0 | @a谢建雯@Axie jian wen@4译 |
| 711 | 02 | @a美国国家地理学会@Amei guo guo jia di li xue hui@4著 |
| 801 | 0 | @aCN@bBJSZM@c20201103 |
| 905 | @b1213853-4@dP941-49@e190@f2 | |
| 美国国家地理自然人文百科/美国国家地理学会著/王斌,谢建雯译.-北京:北京联合出版公司,2019.08(2020.04) |
| 470页:彩图, 照片;25cm |
| 未读探险家 |
| ISBN 978-7-5596-3081-0(精装):CNY188.00 |
| 本书由美国国家地理学会精心编撰,为读者梳理了有关自然世界和人类文明的权威知识和事实,包含10001条相关领域的关键知识,配有600多张精彩的科学插图、地图、照片和图表。全书以200多个对页生动地描述了这个世界。缤纷的大千世界在书中按知识领域被划分为九大章节,从自然界到人类文明的世界,从自然史到人类史不一而足。 |
| ● |
| 相关链接 |
|
|
|
|
正题名:美国国家地理自然人文百科
索取号:P941-49/190
 
预约/预借
| 序号 | 登录号 | 条形码 | 馆藏地/架位号 | 状态 | 备注 |
| 1 | 1213853 | 212138532 | 第二样本阅览室/ [索取号:P941-49/190] | 在馆 | |
| 2 | 1213854 | 212138541 | 第三借阅区/ [索取号:P941-49/190] | 在馆 |